000 00528nam a2200181 i 4500
001 109598
003 ES-MaACL
005 20251013231005.0
007 t|
008 061121s1967 sp r ||||1| spa d
100 1 _aOller i Rabassa, Joan.
_986916
245 1 0 _aBiografía de Víctor Catalá /
_cJoan Oller i Rabasa.
260 _aBarcelona :
_bDalmau,
_c1967.
300 _a132 p. 12 lám. ;
_c20 cm.
600 1 4 _aCatalà, Víctor,
_d1869-1966
_937006
852 _aES-MaACL
_jC-34428
_bR.64908
999 _c109598
_d109598